Guidelines for the improved utilization and marketing of tropical wood species

Bibliographic Details
Corporate Author: FOREST Products Research and Industries Development Commission
Format: Book
Published: Laguna, Philippines : FORPRIDECOM , 1980
Subjects:

MARC

LEADER 00000cam a2200000 7i4500
001 0000001789
005 20011126.0
090 0 0 |a 382.41498   |b FOR 1980 
110 1 0 |a FOREST Products Research and Industries Development Commission 
245 1 0 |a Guidelines for the improved utilization and marketing of tropical wood species   |c prepared by Forest Products Research and Industries Development Commission 
260 0 0 |a Laguna, Philippines :   |b FORPRIDECOM ,   |c 1980 
300 |a 153 p. ;   |c 28 cm. 
650 0 0 |a Forest products   |x Marketing 
998 |a JPSM 
999 |a 0000003055   |b Monograph   |c Open Shelf   |e Default branch